000
00177 a2200097 4500
020
_a
9780141371399
041
_a
eng
100
_a
Roald Dahl
245
_a
Esio Trot
942
_c
BK
999
_c
29003
_d
29001